[Event "Cebanenco Memorial 2019"]
[Site "Chisinau"]
[Date "2019.05.17"]
[Round "9.5"]
[White "Schitco, Ivan"]
[Black "Smirin, Ilia"]
[Result "1/2-1/2"]
[WhiteElo "2437"]
[BlackElo "2605"]
[Annotator "TA"]
[PlyCount "59"]
[EventDate "2019.05.07"]
[EventCountry "MDA"]
[SourceTitle "playchess.com"]
[Source "ChessBase"]
[SourceQuality "1"]

{[%evp 11,59,35,29,41,29,19,39,31,43,9,29,13,2,0,0,0,12,-27,-19,-10,-8,-20,16,-26,6,-52,-41,-45,0,0,0,-44,-18,-37,0,0,65,20,49,28,38,24,36,8,17,12,30,0,0,0]} 1. d4 Nf6 2. c4 g6 3. Nc3 Bg7 4. e4 d6 5. Nge2 O-O 6. Ng3 h5 7. Be2 {E70: King's Indian: Miscellaneous lines with 4 e4, including 5 Nge2 and 5 Bd3 0-0 6 Nge2} Nbd7 8. O-O e5 9. d5 {White is slightly better.} Nh7 $146 ({Predecessor:} 9... h4 10. Nh1 Nh7 11. Be3 f5 12. exf5 gxf5 13. f4 exf4 14. Bxf4 Ne5 {½-½ (55) Schitco,I (2424)-Bacrot,E (2683) Karlsruhe 2019}) 10. Re1 h4 11. Nf1 f5 12. exf5 gxf5 13. f4 a6 14. Be3 exf4 15. Bxf4 Ne5 16. Qd2 Kh8 17. Kh1 Bd7 18. Bd3 (18. h3 $11) 18... h3 $15 19. Re2 hxg2+ 20. Rxg2 Qh4 21. Be2 Rae8 22. Ng3 $1 Ng4 23. Rf1 Rg8 (23... Nhf6 $11) 24. Bxg4 fxg4 25. Nce4 Rgf8 26. Rgf2 Kg8 27. b3 b6 28. Kg1 a5 29. a4 Qe7 30. Bh6 {Accuracy: White = 51%, Black = 47%.} 1/2-1/2